000
00245nam a22001097a 4500
041
_a
eng
080
_a
80
100
_a
Аракин, В. Д.
245
_a
Норвежско-русский словарь.
650
_a
Reference
999
_c
280695
_d
280695
942
_c
BK